=LDR 00000nam 2200000 4500 =001 INLIS000000000029003 =005 20130612131253 =008 ***********************************Ind** =035 ##$$0010-061300000029003 =041 ##$$a Ind =082 ##$$a 350 =090 ##$$a 350, Wah p =100 ##$$a Wahab, Solihin Abdul =260 ##$$a 1997 $b Jakarta =300 ##$$a 179 hlm, ilus, 21 cm =650 ##$$a Pendidikan =850 ##$$a NBPNMAT